| 000 | 00453nam a2200169Ia 4500 | ||
|---|---|---|---|
| 008 | 230917s9999||||xx |||||||||||||| ||und|| | ||
| 020 | _cUSD69.95 | ||
| 040 |
_e241365 _aMAIN |
||
| 041 | _aEnglish | ||
| 082 | _a363.2501 O9E | ||
| 100 | _aOtto, Randy K | ||
| 245 | 0 | _aEthics in forensic psychology practice | |
| 260 |
_aHoboken _bWiley _c2017 |
||
| 300 | _axii, 259 p. | ||
| 500 | _a2797 27/07/2017 APD17/1058554 28/07/2017 Main Budget | ||
| 942 | _cBK | ||
| 999 |
_c23337 _d23337 |
||